000 01517nam a22002537a 4500
005 2010072703373.0
010 _aHIN-89852
020 _a9788184420142
_c350.00
020 _a9788184420145
_c350.00
035 _aHN-62198
037 _bDBAD / PUB
082 _a821.08
245 _aगुरू रविदास:
_bतुलनात्मक अध्ययन /
_cधर्मपाल सिंहल:बलदेव सिंह 'बद्दन' द्वारा संपादित
246 _aGuru Ravidas:Tulnatmak Addhyan
_bby Dharmpal Sinhal:Baldev Singh 'Baddan'
260 _aनई दिल्ली
_bयूनिवर्सल वॉइस
_c2010
270 _aजीएफ-6, प्रकाश दीप बिल्डंग,4735/22, अन्सारी रोड़, दरियागंज
_bनई दिल्ली
_e110002
_k011-24501939, 09718046454
_muniversalvoice@gmail.com
300 _a191पृ.
_c22सेमी (सजिल्द)
650 _aहिन्दी कविता
_xइतिहास एवं समालोचना
_923651
650 _aHindi Poetry
_xHistory and criticism
_923652
700 _aसिंहल, धर्मपाल
_91910
700 _aसिंह, बलदेव 'बद्दन',
_91911
942 _2ddc
_cHN
_h821.08
_mगुरूर
999 _c37973
_d37973